Gibier - Espèces chassables en France - Statistiques

Statistiques générales
  • Ce quiz a été pris 103 fois
  • Le résultat moyen est 21 sur 87
Statistiques - réponses
Réponse % Correct
Sanglier
94%
Chevreuil
90%
Lapin de garenne
81%
Renard roux
69%
Canard colvert
67%
Bécasse des bois
56%
Pigeon ramier
56%
Corbeau freux
50%
Corneille noire
50%
Chamois
46%
Cerf élaphe
44%
Blaireau européen
38%
Daim
38%
Caille des blés
35%
Lièvre d'Europe
35%
Canard souchet
33%
Mouflon méditerranéen
33%
Perdrix grise
33%
Perdrix grise des Pyrénées
33%
Perdrix rouge
33%
Pie bavarde
33%
Fouine
31%
Faisan commun
29%
Merle noir
29%
Canard pilet
27%
Martre des pins
27%
Sarcelle d'hiver
27%
Tourterelle turque
27%
Belette
25%
Bernache du Canada
25%
Grive musicienne
25%
Isard
25%
Ragondin
25%
Sarcelle d'été
25%
Cerf sika
23%
Faisan vénéré
23%
Marmotte des Alpes
23%
Nette rousse
23%
Canard siffleur
21%
Geai des chênes
21%
Bécassine des marais
19%
Grive draine
19%
Pigeon colombin
19%
Tétras lyre
19%
Alouette des champs
17%
Bécassine sourde
17%
Chevalier gambette
17%
Foulque macroule
17%
Fuligule morillon
17%
Lièvre variable
17%
Pigeon biset
17%
Poule d'eau
17%
Vanneau huppé
17%
Canard chipeau
15%
Grive litorne
15%
Grive mauvis
15%
Hermine
15%
Lagopède alpin
15%
Oie cendrée
15%
Putois
15%
Chien viverrin
13%
Fuligule milouin
13%
Raton laveur
13%
Bécasseau Maubèche
10%
Courlis corlieu
10%
Garrot à oeil d'or
10%
Oie des moissons
10%
Oie rieuse
10%
Chevalier aboyeur
8%
Eider à duvet
8%
Étourneau sansonnet
8%
Huitrier pie
8%
Pluvier doré
8%
Râle d'eau
8%
Rat musqué
8%
Vison d'Amérique
8%
Chevalier arlequin
6%
Gélinotte des bois
6%
Macreuse brune
6%
Macreuse noire
6%
Perdrix bartavelle
6%
Pluvier argenté
6%
Combattant varié
4%
Fuligule milouinan
4%
Barge rousse
2%
Colin de Virginie
2%
Harelde de Miquelon
2%
Aucun quiz correspondant
Distribution des résultats
% des personnes avec chaque résultat
Percentile par nombre de réponses
Votre historique - résultats
Vous n’avez pas pris ce quiz